Normal view
MARC view
- برديائف،نيقولاي ، كامل،فؤاد/ترجمة ، ادهم،علي/مراجعة
Entry Personal Name
001 - CONTROL NUMBER
- control field: 19594
003 - CONTROL NUMBER IDENTIFIER
- control field: JO-AjAnu
005 - DATE AND TIME OF LATEST TRANSACTION
- control field: 20230606073424.0
008 - FIXED-LENGTH DATA ELEMENTS
- fixed length control field: 230606|| aca||aabn | a|a d
040 ## - CATALOGING SOURCE
- Original cataloging agency: JO-AjAnu
- Transcribing agency: JO-AjAnu
100 ## - HEADING--PERSONAL NAME
- Personal name: برديائف،نيقولاي ، كامل،فؤاد/ترجمة ، ادهم،علي/مراجعة
670 ## - SOURCE DATA FOUND
- Source citation: Work cat.: (JO-AjAnu)10061: برديائف،نيقولاي ، كامل،فؤاد/ترجمة ، ادهم،علي/مراجعة, author, العزلة والمجتمع